000 00469nam a2200157 u 4500
001 000020372
005 20200929170405.0
008 100813s2015 dr 000 0 spa d
040 _aDO-SdBNP
_bspa
_cBNPHU
082 _axxxxxxx
_bxxxxxxx
100 1 _aGómez Ricourt, Rafaela
_9267
245 1 0 _aEl último llamado /
_cRafaela Gómez Ricourt.
260 _aSanto Domingo :
_bImprenta Martínez,
_c2015.
300 _a139 p. ;
_c21 cm.
504 _aBibliografías : p. 137
999 _c19876
_d19876